Normal view
MARC view
- Leon Lewin
Entry Personal Name
001 - CONTROL NUMBER
- control field: 101740
003 - CONTROL NUMBER IDENTIFIER
- control field: NUST
005 - DATE AND TIME OF LATEST TRANSACTION
- control field: 20221031091830.0
008 - FIXED-LENGTH DATA ELEMENTS
- fixed length control field: 221031|| aca||aabn | a|a d
040 ## - CATALOGING SOURCE
- Original cataloging agency: NUST
- Transcribing agency: NUST
100 ## - HEADING--PERSONAL NAME
- Personal name: Leon Lewin
670 ## - SOURCE DATA FOUND
- Source citation: Work cat.: (NUST)181944: Leon Lewin, Advanced theory of waveguides /, 1951
